000 00366nam a2200133Ia 4500
008 240624s9999 xx 000 0 und d
041 _aeng
082 _a658.421 MOH
100 _aMOHANTY SANGRAM KESHARI
245 _aFUNDAMENTALS OF ENTREPRENEURSHIP
260 _c2006
_aNew Delhi
_bPrentice-Hall of India
300 _axiii, : 183 : p. : cm. ; 23
365 _cRS
_b36
999 _c7544
_d7544